National Assembly Library of Thailand

คิดแบบหมอหายไว คิดแบบคนไข้ตายเร็ว = (ระเบียนเลขที่ 76429)

รายละเอียดในรูปแบบ MARC
000 -LEADER
fixed length control field 01036nam a22002297a 4500
005 - DATE AND TIME OF LATEST TRANSACTION
control field 20210325214353.0
008 - FIXED-LENGTH DATA ELEMENTS--GENERAL INFORMATION
fixed length control field s2550 th tha d
020 ## - INTERNATIONAL STANDARD BOOK NUMBER
International Standard Book Number 9786167164120
040 ## - CATALOGING SOURCE
Original cataloging agency NALT
041 1# - LANGUAGE CODE
Language code of text/sound track or separate title tha
Language code of original eng
050 ## - LIBRARY OF CONGRESS CALL NUMBER
Classification number R 723.5
Item number ก269ค 2550
100 1# - MAIN ENTRY--PERSONAL NAME
Personal name กรูพแมน, เจอโรม
9 (RLIN) 37809
245 10 - TITLE STATEMENT
Title คิดแบบหมอหายไว คิดแบบคนไข้ตายเร็ว =
Remainder of title How doctors think /
Statement of responsibility, etc. เจอโรม กรูพแมน ; บุญส่ง รักวิริยะ, แปล.
260 ## - PUBLICATION, DISTRIBUTION, ETC.
Place of publication, distribution, etc. กรุงเทพฯ :
Name of publisher, distributor, etc. วีเลิร์น,
Date of publication, distribution, etc. 2550.
300 ## - PHYSICAL DESCRIPTION
Extent 324 หน้า ;
Other physical details
Dimensions 21 ซม.
650 #4 - SUBJECT ADDED ENTRY--TOPICAL TERM
Topical term or geographic name entry element แพทย์
9 (RLIN) 37811
General subdivision การตัดสินใจ
650 #4 - SUBJECT ADDED ENTRY--TOPICAL TERM
Topical term or geographic name entry element แพทย์
9 (RLIN) 37812
General subdivision แง่จิตวิทยา
700 0# - ADDED ENTRY--PERSONAL NAME
9 (RLIN) 37810
Personal name บุญส่ง รักวิริยะ
850 ## - HOLDING INSTITUTION
Holding institution NALT
942 ## - ADDED ENTRY ELEMENTS (KOHA)
Koha item type General Book
Source of classification or shelving scheme Library of Congress Classification
รายการที่มีในห้องสมุด
Withdrawn status Lost status Source of classification or shelving scheme Damaged status Not for loan Collection code Home library Current library Source of acquisition Cost, normal purchase price Total Checkouts Full call number Barcode Date last seen Cost, replacement price Price effective from Koha item type
    Library of Congress Classification     General Book collection National Assembly Library of Thailand National Assembly Library of Thailand จัดซื้อทรัพยากร 250.00   R 723.5 ก269ค 2550 3961204062 09/06/2017 300.00 09/06/2017 General Book
หอสมุดรัฐสภา
สำนักงานเลขาธิการสภาผู้แทนราษฎร เลขที่ 1111 ถนนสามเสน แขวงถนนนครไชยศรี เขตดุสิต กรุงเทพฯ 10300
The Secretariat of the House of Representatives 1111 Samsen Road, Thanon Nakhon Chai Si, Dusit, Bangkok 10300, THAILAND
โทรศัพท์: +66(0) 2242 5900 ต่อ 5714-5 โทรสาร: +66(0) 2242 5990 อีเมล: [email protected]